000 01205nam a2200253 i 4500
001 bg
100 1 _aGAJEWSKI, Juliusz Bohdan
245 1 0 _aElektrostatyczna, bezkontaktowa metoda ciągłego pomiaru strumienia masy i średniej prędkości w przepływach dwufazowych gaz-ciało stałe /
_cJuliusz B. Gajewski.
260 _aWrocław :
_bOficyna Wydaw. Politechniki Wrocławskiej,
_c1995.
300 _a115, [3] s. :
_brys., wykr. ;
_c24 cm.
490 1 _aPrace Naukowe Instytutu Techniki Cieplnej i Mechaniki Płynów Politechniki Wrocławskiej. Monografie =
_aScientific Papers of the Institute of Power Engineering and Fluid Mechanics of the Technical University of Wrocław. Monographs,
_x0324-9387 ;
_v26
500 _aNumeracja ser. gł. : 49.
504 _aBibliogr. s. 109-115. - Summ.
650 9 _aPrzepływ
_xmechanika
_xbadanie
650 9 _aTransport pneumatyczny
650 9 _aRurociągi
650 9 _aPomiary
_xurządzenia
830 0 _aPrace Naukowe Instytutu Techniki Cieplnej i Mechaniki Płynów Politechniki Wrocławskiej.
_pMonografie ;
_v26
040 _cBPK
041 0 _apl
_ben
080 _a621.51/.54:532].001
942 _cKS
008 s pl f |000 0 pol
999 _c31061
_d31061
856 _uhttp://koha.tu.koszalin.pl/cgi-bin/koha/opac-detail.pl?biblionumber=31061
_yKatalog online BPK